000 00592nam a2200181Ia 4500
008 100921s9999 xx 000 0 und d
082 _b22517
_a808.5 थ 89
100 _aमाळवदे आर.आर.
245 _aसंभाषणमित्र.
260 _bमित्र प्रकाशन,ठाणे.
_c1989
300 _a138
_b---
365 _b20
520 _aललित-भाषणकला.
630 _aसंभाषणमित्र.
650 _aललित-भाषणकला.
730 _aसंभाषणमित्र.
942 _cBOOK
999 _c771630
_d771627